Missing Word: Goosebumps Books II Quiz Stats

Quiz Updated Jan 22, 2018

Challenge
Share
Tweet
Embed
Score 0/20 Timer 05:00
0 Plays Today
Title Missing Word % Correct
Be Careful What You ______ For...Wish
88.8%
The ______ of the Mummy's TombCurse
60.5%
The ______ Next DoorGhost
52.7%
Revenge of the Lawn ______Gnomes
52.2%
The Girl Who Cried ______Monster
45.1%
The ______ from the EastBeast
41.8%
A Night in ______ TowerTerror
39.4%
Bad ______ DayHare
36.6%
How I Learned to ______Fly
35.9%
The ______ that Ate EveryoneBlob
33.3%
Title Missing Word % Correct
The Werewolf of Fever ______Swamp
31.8%
______ of the Jack-O'-LanternsAttack
30.1%
A ______ on Shock StreetShocker
28.8%
Legend of the Lost ______Legend
27.2%
Phantom of the ______Auditorium
25.6%
Ghost ______Beach
25.2%
Vampire ______Breath
24.8%
The Horror at Camp ______Jellyjam
24.4%
Chicken ______ Chicken
23.6%
My ______ AdventureHairiest
21.1%

Today's Daily Dose

Word Ladder
'90s Movies

Quick Pick
'Fire' Movies

On This Day
June 19th II

You're not logged in!

Compare scores with friends on all Sporcle quizzes.
Join for Free
OR
Log In

You Might Also Like...

Show Comments

Extras

Top Quizzes Today


Score Distribution

Your Account Isn't Verified!

In order to create a playlist on Sporcle, you need to verify the email address you used during registration. Go to your Sporcle Settings to finish the process.

Report this User

Report this user for behavior that violates our Community Guidelines.

Details: